American War History - Statistics

General Stats
  • This quiz has been taken 51 times
    43 since last reset
  • The average score is 17 of 27
Answer Stats
Hint Answer % Correct
Country the U.S gained independence from United Kingdom
100%
War that Started after the U.S Annexed Texas Mexican-American War
93%
Event that Brought the U.S into WW2 Pearl Harbor
93%
Conflict with the most American casualties Civil War
90%
Country the U.S failed to invade at the Bay of Pigs Cuba
90%
Country that Sent the Zimmerman Telegram Germany
90%
War in Indochina that the U.S had to Withdrawal from Vietnam War
88%
Mountainous Country the U.S withdrew from in 2021 Afghanistan
85%
Second war with the above country War of 1812
83%
Name of the South after it seceded The Confederacy
80%
Iraqi Dictator Executed After an Invasion Saddam Hussein
73%
What will December 7, 1941 live in? Infamy
70%
War on a Peninsula Between U.N Forces and Communists Korean War
68%
Central American Country Invaded in 1989 Panama
68%
Pacific Island Country Subjugated after a Brief War. Philippines
60%
War that Happened After Iraq invaded Kuwait Gulf War
58%
Carolinas, Georgia, Tennessee Cherokee
53%
Ship that Sunk Starting the Spanish-American War USS Maine
53%
Small Communist Caribbean Island Successfully Defeated by the U.S Grenada
48%
New Mexico Navajo
45%
Texas, New Mexico, Arizona, Colorado Apache
43%
Dakotas, Montana, Nebraska, Wyoming Sioux
43%
Georgia, Florida Seminole
40%
European Country Bombed to Protect Ethnic Minorities there Yugoslavia
38%
New York Iroquois
35%
Texas, New Mexico, Colorado Comanche
20%
Where American and Soviet Tanks had a Standoff Checkpoint Charlie
15%
No matching quizzes found
Score Distribution
Percent of People with Each Score
Percentile by Number Answered
Your Score History
You have not taken this quiz since the last reset